000 00631nam a2200265Ia 4500
005 20260121170510.0
008 008 260114s9999 xx 000 0 eng d
020 _a9783319742717
037 _aEBOOK
040 _aCRL
040 _beng
040 _cCRL
041 _2eng
041 _aeng
084 _qCRL
100 _aVerena Klappstein, Maciej Dybowski
_91064624
245 0 _aRatio Legis
260 _bSpringer
260 _bSpringer
260 _c2018
856 _uhttps://link.springer.com/openurl?genre=book&isbn=978-3-319-74271-7
942 _cEBOOK
999 _c1630354
_d1630354